01087 2200337 4500001002100000005001500021035002000036007000300056008004100059020002200100082001500122084001700137100002500154245011200179250002600291300004900317650002300366700003300389700002500422264007900447336002100526337003000547338002300577040002200600850001200622041000800634546004800642090001900690990002000709990002000729INLIS00000000088560420240416105930 a0010-0424000231ta240416s2023 jkia b 1 ind d a978-623-112-560-604223a028.55 a028.55 SAP k0 aSaptoriniePengarang10aKemul bathik tambal = selimut batik tambal /cSaptorini; ilustrator, Banuarli Ambardi; penyunting, Mulyanto aCetakan pertama, 2023 aii, 32 halaman :bilustrasi, gambar ;c30 cm 4aBacaan kanak-kanak0 aBanuarli AmbardieIlustrator0 aMulyantoePenyunting31aJakarta :bKementerian Pendidikan, Kebudayaan, Riset, dan Teknologi,c2023 2rdacontentateks 2rdamediaatanpa perantara 2rdacarrieravolume aYOPDYOGbinderda aYOPDYOG0 gjav aTeks dalam bahasa Indonesia dan bahasa Jawa aK 028.55 SAP k a71808-PD/A.2024 a71809-PD/A.2024